[Event "GRE-ch Online Blitz op 1st"]
[Site "Tornelo INT"]
[Date "2021.02.07"]
[Round "10"]
[White "Moraitis, Panagiotis"]
[Black "Trigkas, Dimitrios"]
[Result "0-1"]
[WhiteElo "1492"]
[BlackElo "1114"]
[PlyCount "66"]
[EventDate "2021.02.07"]
[EventType "swiss (blitz)"]
[EventRounds "16"]
[EventCountry "GRE"]
[SourceTitle "EXT 2023"]
[Source "ChessBase"]
[SourceDate "2022.10.05"]
[SourceVersion "1"]
[SourceVersionDate "2022.10.05"]
[SourceQuality "1"]

1. c4 e6 2. g3 d5 3. Nf3 Nf6 4. d4 Be7 5. Bg2 0-0 6. 0-0 Nbd7 7. Qc2 b6 8. cxd5 exd5 9. Nc3 Bb7 10. Bf4 Rc8 11. Rac1 c5 12. dxc5 Bxc5 13. Qd3 Re8 14. Bg5 h6 15. Bxf6 Nxf6 16. h4 d4 17. Nb5 Ba6 18. Bh3 Rb8 19. Rfd1 h5 20. a4 Bxb5 21. Qxb5 Qe7 22. Nxd4 Bxd4 23. Rxd4 Qxe2 24. Qxe2 Rxe2 25. b4 Ra2 26. Rc8+ Rxc8 27. Bxc8 Rxa4 28. Bf5 g6 29. Rd8+ Kg7 30. Bd7 Rxb4 31. Bh3 a5 32. Ra8 a4 33. Kg2 b5 0-1

[Event "GRE-ch Online Blitz op 1st"]
[Site "Tornelo INT"]
[Date "2021.02.07"]
[Round "15"]
[White "Moschat, Iosif Theodoros"]
[Black "Moraitis, Panagiotis"]
[Result "0-1"]
[WhiteElo "1136"]
[BlackElo "1492"]
[PlyCount "90"]
[EventDate "2021.02.07"]
[EventType "swiss (blitz)"]
[EventRounds "16"]
[EventCountry "GRE"]
[SourceTitle "EXT 2023"]
[Source "ChessBase"]
[SourceDate "2022.10.05"]
[SourceVersion "1"]
[SourceVersionDate "2022.10.05"]
[SourceQuality "1"]

1. d4 d5 2. c4 c6 3. Nc3 Nf6 4. Bf4 dxc4 5. e4 b5 6. a4 e6 7. axb5 cxb5 8. e5 Nd5 9. Nxd5 Qxd5 10. f3 Bb4+ 11. Bd2 Nc6 12. Bxb4 Nxb4 13. Be2 Nc6 14. Nh3 Qxd4 15. Qxd4 Nxd4 16. Bd1 0-0 17. 0-0 Bb7 18. Rc1 Rfd8 19. Nf4 a5 20. Ne2 Nxe2+ 21. Bxe2 Rd2 22. Bd1 Rxb2 23. Rc2 Rxc2 24. Bxc2 b4 25. Kf2 c3 26. Ra1 Bd5 27. Rb1 b3 28. Bxb3 Bxb3 29. Rxb3 Rc8 30. Rb1 a4 31. Ke2 a3 32. Kd1 c2+ 33. Kc1 cxb1Q+ 34. Kxb1 Rb8+ 35. Ka2 Rb2+ 36. Kxa3 Rxg2 37. h4 Rf2 38. Kb4 Rxf3 39. Kc5 Rf4 40. h5 Rf5 41. Kd4 Rxh5 42. Ke4 Rf5 43. Ke3 g5 44. Ke4 g4 45. Ke3 g3 0-1

[Event "GRE-ch Online Blitz op 1st"]
[Site "Tornelo INT"]
[Date "2021.02.07"]
[Round "13"]
[White "Theodoroglakis, Ioannis"]
[Black "Moraitis, Panagiotis"]
[Result "0-1"]
[WhiteElo "1058"]
[BlackElo "1492"]
[PlyCount "128"]
[EventDate "2021.02.07"]
[EventType "swiss (blitz)"]
[EventRounds "16"]
[EventCountry "GRE"]
[SourceTitle "EXT 2023"]
[Source "ChessBase"]
[SourceDate "2022.10.05"]
[SourceVersion "1"]
[SourceVersionDate "2022.10.05"]
[SourceQuality "1"]

1. c4 e5 2. Nc3 Nf6 3. g3 d5 4. cxd5 Nxd5 5. Bg2 Nb6 6. Nf3 Nc6 7. d3 Be7 8. 0-0 0-0 9. b3 Be6 10. Bb2 Qd7 11. Rc1 Bh3 12. Re1 Bxg2 13. Kxg2 Rad8 14. Rc2 Bf6 15. a3 Nd5 16. Nxd5 Qxd5 17. b4 e4 18. Bxf6 exf3+ 19. exf3 gxf6 20. Rc3 Rfe8 21. Rxe8+ Rxe8 22. Qb3 Qxb3 23. Rxb3 Nd4 24. Rc3 c6 25. Rc4 Nb5 26. a4 Nd6 27. Rd4 Nf5 28. Re4 Rxe4 29. fxe4 Nd4 30. Kf1 Nc2 31. b5 cxb5 32. axb5 Nd4 33. b6 a5 34. Ke1 Nf3+ 35. Kd1 Nxh2 36. Kc2 Ng4 37. f3 Ne5 38. f4 Nd7 39. Kb3 Nxb6 40. d4 Kf8 41. d5 Ke7 42. e5 fxe5 43. fxe5 Nxd5 44. Ka4 b6 45. Kb5 Ke6 46. Kc4 Kxe5 47. Kb5 f5 48. Ka4 Ke4 49. Kb3 h5 50. Kc2 Kf3 51. g4 fxg4 52. Kd2 Kf2 53. Kd3 g3 54. Ke4 Nc7 55. Kd3 g2 56. Kd2 g1Q 57. Kc2 Qg3 58. Kb2 Qd3 59. Ka2 Qc3 60. Kb1 Qd2 61. Ka1 Ke2 62. Kb1 Kd3 63. Ka1 Kc3 64. Kb1 Qb2# 0-1

[Event "Aspropyrgos op-B 1st"]
[Site "Aspropyrgos"]
[Date "2019.09.22"]
[Round "9"]
[White "Larkin, Leonidas"]
[Black "Moraitis, Panagiotis"]
[Result "0-1"]
[WhiteElo "1069"]
[BlackElo "1482"]
[PlyCount "62"]
[EventDate "2019.09.14"]
[EventType "swiss"]
[EventRounds "9"]
[EventCountry "GRE"]
[SourceTitle "CBM 195 Extra"]
[Source "ChessBase"]
[SourceDate "2020.05.31"]
[SourceVersion "1"]
[SourceVersionDate "2020.05.31"]
[SourceQuality "1"]

1. e4 e6 2. d3 d5 3. Nd2 Nf6 4. Ngf3 dxe4 5. dxe4 Nc6 6. g3 e5 7. Bg2 Bc5 8. 0-0 0-0 9. Kh1 Bg4 10. h3 Bh5 11. Qe1 h6 12. Nh2 Nd4 13. Nb3 Nxb3 14. axb3 Qe7 15. f4 Nd7 16. g4 Bg6 17. f5 Bh7 18. Qg3 f6 19. h4 Kh8 20. g5 hxg5 21. hxg5 fxg5 22. Bxg5 Qf7 23. Qh4 Rae8 24. Bf3 g6 25. fxg6 Qxg6 26. Bh5 Qxe4+ 27. Qxe4 Rxf1+ 28. Rxf1 Bxe4+ 29. Nf3 Rf8 30. Kg2 Rg8 31. Kh3 Bxf3 0-1

[Event "Aspropyrgos op-B 1st"]
[Site "Aspropyrgos"]
[Date "2019.09.21"]
[Round "8"]
[White "Moraitis, Panagiotis"]
[Black "Tsiripova, Eleni"]
[Result "0-1"]
[WhiteElo "1482"]
[BlackElo "1238"]
[PlyCount "90"]
[EventDate "2019.09.14"]
[EventType "swiss"]
[EventRounds "9"]
[EventCountry "GRE"]
[SourceTitle "CBM 195 Extra"]
[Source "ChessBase"]
[SourceDate "2020.05.31"]
[SourceVersion "1"]
[SourceVersionDate "2020.05.31"]
[SourceQuality "1"]

1. c4 c5 2. g3 Nc6 3. Bg2 Nf6 4. Nc3 e6 5. e4 d5 6. cxd5 exd5 7. exd5 Nb4 8. d3 Nbxd5 9. Nge2 Be7 10. 0-0 0-0 11. Re1 Rb8 12. Nxd5 Nxd5 13. a3 b6 14. Nc3 Nxc3 15. bxc3 Bf6 16. Bb2 Bf5 17. d4 cxd4 18. cxd4 Rc8 19. Re2 Qd7 20. d5 Bxb2 21. Rxb2 Rfd8 22. Rd2 Rc5 23. Rc1 Qd6 24. Rxc5 Qxc5 25. Qb3 Qc1+ 26. Rd1 Qc2 27. Qxc2 Bxc2 28. Rc1 Bf5 29. Rc7 Rc8 30. Rc6 Kf8 31. f4 Ke7 32. Kf2 Rxc6 33. dxc6 Kd6 34. Ke3 Bc2 35. Kd4 Ba4 36. Bd5 f6 37. Bg8 h6 38. Bd5 Bxc6 39. Bxc6 Kxc6 40. Kc4 b5+ 41. Kd4 a5 42. Kc3 Kd5 43. Kd3 b4 44. axb4 axb4 45. Kc2 Ke4 0-1

[Event "Aspropyrgos op-B 1st"]
[Site "Aspropyrgos"]
[Date "2019.09.19"]
[Round "6"]
[White "Moraitis, Panagiotis"]
[Black "Tsironis, Panteleimon"]
[Result "1-0"]
[WhiteElo "1482"]
[BlackElo "1561"]
[PlyCount "99"]
[EventDate "2019.09.14"]
[EventType "swiss"]
[EventRounds "9"]
[EventCountry "GRE"]
[SourceTitle "CBM 195 Extra"]
[Source "ChessBase"]
[SourceDate "2020.05.31"]
[SourceVersion "1"]
[SourceVersionDate "2020.05.31"]
[SourceQuality "1"]

1. c4 e5 2. g3 d5 3. cxd5 Qxd5 4. Nf3 Nf6 5. Nc3 Qa5 6. Bg2 Bd6 7. 0-0 Nc6 8. d3 h6 9. Nd2 Be6 10. Nc4 Bxc4 11. dxc4 Bb4 12. Ne4 Nxe4 13. Bxe4 Rd8 14. Qb3 Nd4 15. Qe3 f5 16. Bb1 e4 17. a3 Bc5 18. Bd2 Nxe2+ 19. Qxe2 Qxd2 20. Qh5+ Ke7 21. Qxf5 Bd4 22. Qxe4+ Kd6 23. Qxb7 Bxb2 24. Ra2 Rb8 25. Qxa7 Rb6 26. c5+ Kxc5 27. Qxc7+ Rc6 28. Qe5+ Bxe5 29. Rxd2 Kb6 30. Be4 Rd6 31. Rb1+ Ka5 32. Rc2 Bd4 33. Ra2 Rf8 34. Kg2 Re8 35. f3 Bc5 36. a4 Bb4 37. Rab2 Rd4 38. Bc6 Re3 39. Kf2 Rc3 40. Bb5 h5 41. Re2 h4 42. Kg2 g5 43. Rbb2 g4 44. fxg4 Rxg4 45. Re6 Bd6 46. Rxd6 h3+ 47. Kf2 Rf3+ 48. Ke1 Rg6 49. Rxg6 Rf6 50. Bd3 1-0